(Record no. 187632)
[ view plain ]
| 000 -CABECERA | |
|---|---|
| campo de control de longitud fija | 00363nam a2200133Ia 4500 |
| 001 - NÚMERO DE CONTROL | |
| campo de control | IA_ |
| 008 - DATOS DE LONGITUD FIJA--INFORMACIÓN GENERAL | |
| campo de control de longitud fija | 220117s xx 000 0 und d |
| 010 ## - NÚMERO DE CONTROL DE LA BIBLIOTECA DEL CONGRESO | |
| Número de control de LC | 187632 |
| 700 ## - PUNTO DE ACCESO ADICIONAL--NOMBRE DE PERSONA | |
| Nombre de persona | Casp Vanaclocha, Ana, tr. |
| 9 (RLIN) | 153192 |
| 700 ## - PUNTO DE ACCESO ADICIONAL--NOMBRE DE PERSONA | |
| Nombre de persona | González Salgueiro, Alfredo, tr. |
| 9 (RLIN) | 153193 |
| 942 ## - ELEMENTOS DE PUNTO DE ACCESO ADICIONAL (KOHA) | |
| Tipo de ítem Koha | |
No items available.
